| 000 | 00717nam a22002177a 4500 | ||
|---|---|---|---|
| 003 | OSt | ||
| 005 | 20250805021349.0 | ||
| 008 | 250805b |||||||| |||| 00| 0 eng d | ||
| 020 | _a978-621-427156-6 | ||
| 040 |
_aDWC-Main Lib _cOC |
||
| 082 | _aFil. 658.8 C183p 2023 | ||
| 100 | _aCamilar-Serrano, Angelita Ong | ||
| 245 |
_aProfessional salesmanship/ _cAngelita Ong Camilar-Serrano |
||
| 260 |
_aManila, Philippines : _bUnlimited Books Library Services & Publishing, _cc2023. |
||
| 300 |
_ax, 296 pages : _billustrations ; _c25cm. |
||
| 504 | _aIncludes bibliography and webliography. | ||
| 650 | _a1. Marketing. | ||
| 650 | _a2. Sales management. | ||
| 650 | _a3. Selling. | ||
| 942 |
_2ddc _cBK - FIL _kFil. _n0 |
||
| 999 |
_c3938 _d3938 |
||